000 01849nam a2200253Ia 4500
003 Ost
005 20260507074937.0
008 260507s9999||||xx |||||||||||||| ||und||
020 _a9789953486017
040 _cfsecg
041 _aara
082 _a343.071;343.8
100 _aابراهيم، عبد المنعم موسى
_eمؤلف
245 0 _aحماية المستهلك :
_bدراسة مقارنة /
_c عبد المنعم موسى ابراهيم
260 _aبيروت:
_bمنشورات الحلبي,
_c2007
300 _a640 صفحة؛
_bإيضاحات ؛
_c24 سم
504 _aبيبليوغرافيا ص.591؛ ملاحق ص.607
520 _aدراسة النصوص الاتجاهات التقليدية لحماية المستهلك الحماية العامة للمستهلك ، النصوص الدولية والمدنية وحماية المستهلك ، النصوص الجزائية وحماية المستهلك الحماية غير مباشرة للمستهلك ، الحماية الفنية والمهنية للمستهلك ، الحماية الاجزائية للمستهلك -الاتجاهات الحديثة لحماية المستهلك وهل يمكن الاخذ بها في كل من التشرعيين اللبناني والسوداني حماية المستهلك في فترة تكوين العقد ، حسن النية وحماية المستهلك ،حماية الحرية التعاقدية للمستهلك حماية المستهلك في فترة تنفيذ العقد ، ضمانات حماية المستهلك ، المسؤولية العقدية كوسيلة لضمان سلامة المستهلك
653 _aادارة
653 _aالمستهلك قوانين وتشريعات
653 _aحماية المستهلك
653 _aصناعة
942 _cكتاب
999 _c41898
_d41898